00321nam a2200133Ia 45000030006000000080041000060400015000471000022000622450036000842600034001203000006001545460010001600050017001700STCL150530s9999 xx 000 0 und d aSTCLcSTCL aRamparasad Mishra aViswa Kavi Homer Aur Unke Kavya bSoorya Prakashan ;Delhic1979 a0 aHindi20220125171304.0